000
00266nam a2200109Ia 4500
008
230907s9999||||xx |||||||||||||| ||und||
082
_a
629.2504
_b
GIL
100
_a
Gilles, Tim,
_9
67832
245
0
_a
Automotive engines :
300
_a
xvii, 750 pages :
942
_c
BK
999
_c
600882
_d
600882